1890 1997 1209 1254 1051 1020 1680 1598 1522 1465 1342 1682 1574 1440 1671 1978 1163 1019 1776 1575 1024 1325 1138 1934 1739 1608 1788 1432 1654 1581 1504 1885 1533 1040 1178 1136 1210 1908 1385 1009 1239 1204 1907 1390 1508 1886 1528 1679 1674 1369 1335 1055 1969 1895 1804 1477 1521 1070 1317 1989 1430 1837 1644 1019 1235 1170 1895 1115 1188 1216 1914 1035 1374 1864 1566 1516 1727 1956 1868 1689 1363 1673 1084 1121 1799 1265 1031 1147 1406 1097 1864 1969 1967 1961 1898 1938 1508 1520 1399 BCNSPRNW ULIB Ver.6.0+V

เปลี่ยนเป็นภาษาไทย

Change to English
 แสดงรายละเอียดบรรณานุกรม
  กลับหน้าหลัก

Brief Record : Get Marc (ISO 2709) : E-mail record : QR code < ปิดหน้าต่าง
LEADER : 00000nam 2200000uu 4500
001    13399111982
003     ULIB
008    110627s2552||||th 000 0 tha d
020    9786167190299
090    นว.^bก316อ ล.2 2552
100 0  กลีบลำดวน
245 00 อโณมายอดรัก/^cกลีบลำดวน
250    พิมพ์ครั้งที่ 1
260    กรุงเทพฯ :^bอินเลิฟ,^c2552
300    343 หน้า
710 1  อินเลิฟ
945    ^p209^l0^i028046
995    ทศพร
999 ^a ใช้งานได้ทุกระบบ
รายการนี้ยังไม่มีแท็ก
คุณยังไม่ได้ล็อกอิน คุณสามารถมีกิจกรรมร่วมกับเว็บไซต์ได้ แต่ต้องล็อกอินก่อน ::
  ล็อกอิน

รายการสื่อสารสนเทศ

ลำดับที่ ประเภท เลขเรียก/บาร์โค้ด สถานที่ สถานะ
- ไม่พบข้อมูล -

รายการใกล้เคียง
    ผู้แต่ง [กลีบลำดวน]

BibComment


ยังไม่เคยถูกคอมเมนท์

คอมเมนท์ทรัพยากรรายการนี้
  คอมเมนท์: อโณมายอดรัก กลีบล..


 Copyright 2026. Bcnsprnw @Library